Root hairs: cell and molecular biology ed by R W Ridge and A M C Emons (Record no. 1209348)

MARC details
000 -LEADER
fixed length control field 01097nam a2200289Ia 4500
003 - CONTROL NUMBER IDENTIFIER
control field OSt
005 - DATE AND TIME OF LATEST TRANSACTION
control field 20221007121804.0
008 - FIXED-LENGTH DATA ELEMENTS--GENERAL INFORMATION
fixed length control field 221006b |||||||| |||| 00| 0 eng d
020 ## - INTERNATIONAL STANDARD BOOK NUMBER
International Standard Book Number 4431702822 (hbd)
037 ## - SOURCE OF ACQUISITION
Terms of availability Textual
040 ## - CATALOGING SOURCE
Original cataloging agency BDL
Transcribing agency BDL
Language of cataloging eng
041 ## - LANGUAGE CODE
Source of code eng
Language code of text/sound track or separate title eng
100 ## - MAIN ENTRY--PERSONAL NAME
Personal name Ridge R W Ed
9 (RLIN) 712947
245 #0 - TITLE STATEMENT
Title Root hairs: cell and molecular biology ed by R W Ridge and A M C Emons
Remainder of title Emons A M C Ed
260 ## - PUBLICATION, DISTRIBUTION, ETC.
Place of publication, distribution, etc. Berlin
Name of publisher, distributor, etc. Springer-Verlag
Date of publication, distribution, etc. 2000
300 ## - PHYSICAL DESCRIPTION
Extent xvi, 336p
Dimensions cm.
500 ## - GENERAL NOTE
General note Includes bibliographical references; Index 329-336p; ^n23/CSL/CARB/2001-2002/58^d2001-05-25^mPurchase; ; 2001-2002/19^b2001-07-02^cRBC-0207/2001^d2001-06-12^eRs.7,518.29^fResearchco Book Centre; ; 2002-01-25^bSB^c2003-01-08^dRPS
650 ## - SUBJECT ADDED ENTRY--TOPICAL TERM
Topical term or geographic name entry element Root^aRoot,Plant
9 (RLIN) 712948
650 ## - SUBJECT ADDED ENTRY--TOPICAL TERM
Topical term or geographic name entry element Plant
9 (RLIN) 431280
700 ## - ADDED ENTRY--PERSONAL NAME
Personal name Emons A M C Ed
9 (RLIN) 712949
942 ## - ADDED ENTRY ELEMENTS (KOHA)
Classification part I,13, P0
Koha item type Textual
Source of classification or shelving scheme Colon Classification (CC)
Holdings
Withdrawn status Lost status Source of classification or shelving scheme Damaged status Not for loan Home library Current library Date acquired Source of acquisition Total Checkouts Full call number Barcode Date last seen Price effective from Koha item type
    Colon Classification (CC)     Department of Botany Library Department of Botany Library 2022-10-07 Researchco,   I,13 P0 BD0004731 2022-10-07 2022-10-07 Textual
Copyright @ Delhi University Library System